Random 25k+ cities in Germany on a map - Statistics

General Stats
  • This quiz has been taken 448 times
  • The average score is 10 of 20
Answers on the Map
Answers color-coded by a green-red scale on the quiz's map according to % correct below.
 
Answer Stats
State (Bundesland) Population Answer % Correct
North Rhine-Westphalia 248,960 Aachen
100%
Lower Saxony 31,923 Achim
100%
Schleswig-Holstein 33,728 Ahrensburg
100%
Thuringia 31,633 Altenburg
100%
Bavaria 41,798 Ansbach
100%
Bavaria 71,002 Aschaffenburg
100%
Bavaria 296,582 Augsburg
100%
Lower Saxony 42,040 Aurich
100%
Hesse 27,755 Baunatal
100%
Bavaria 74,783 Bayreuth
100%
Berlin 3,669,491 Berlin
100%
North Rhine-Westphalia 334,195 Bielefeld
100%
Baden-Württemberg 50,161 Böblingen
100%
Brandenburg 72,184 Brandenburg an der Havel
100%
Lower Saxony 249,406 Braunschweig
100%
Bremen 567,559 Bremen
100%
Bremen 113,643 Bremerhaven
100%
Lower Saxony 69,540 Celle
100%
Saxony 246,334 Chemnitz
100%
Bavaria 41,072 Coburg
100%
North Rhine-Westphalia 1,087,863 Cologne
100%
Brandenburg 99,678 Cottbus
100%
Lower Saxony 48,164 Cuxhaven
100%
Bavaria 47,721 Dachau
100%
Lower Saxony 77,559 Delmenhorst
100%
North Rhine-Westphalia 621,877 Dusseldorf
100%
Brandenburg 40,699 Eberswalde
100%
Thuringia 213,981 Erfurt
100%
Bavaria 112,528 Erlangen
100%
Baden-Württemberg 46,083 Filderstadt
100%
Schleswig-Holstein 90,164 Flensburg
100%
Hesse 763,380 Frankfurt am Main
100%
Brandenburg 57,751 Frankfurt an der Oder
100%
Baden-Württemberg 231,195 Freiburg im Breisgau
100%
Bavaria 49,126 Freising
100%
Baden-Württemberg 61,283 Friedrichshafen
100%
Hesse 68,635 Fulda
100%
Bavaria 128,497 Fürth
100%
Lower Saxony 30,847 Geestland
100%
Thuringia 93,125 Gera
100%
Bavaria 40,399 Germering
100%
Baden-Württemberg 57,813 Göppingen
100%
Saxony 55,980 Görlitz
100%
Thuringia 45,419 Gotha
100%
Mecklenburg-Western Pomerania 59,232 Greifswald
100%
North Rhine-Westphalia 30,406 Haan
100%
Saxony-Anhalt 238,762 Halle
100%
Hamburg 1,847,253 Hamburg
100%
Hesse 96,492 Hanau
100%
Lower Saxony 536,925 Hanover
100%
Baden-Württemberg 161,485 Heidelberg
100%
Baden-Württemberg 49,573 Heidenheim an der Brenz
100%
Brandenburg 26,345 Hennigsdorf
100%
Lower Saxony 101,693 Hildesheim
100%
Saxony 32,405 Hoyerswerda
100%
Rhineland-Palatinate 35,193 Ingelheim am Rhein
100%
Bavaria 137,392 Ingolstadt
100%
Schleswig-Holstein 31,803 Itzehoe
100%
Rhineland-Palatinate 100,030 Kaiserslautern
100%
North Rhine-Westphalia 37,596 Kamp-Lintfort
100%
Baden-Württemberg 312,060 Karlsruhe
100%
Hesse 202,137 Kassel
100%
Schleswig-Holstein 246,794 Kiel
100%
Rhineland-Palatinate 114,052 Koblenz
100%
Baden-Württemberg 33,825 Kornwestheim
100%
Bavaria 25,866 Kulmbach
100%
Bavaria 73,411 Landshut
100%
Saxony 593,145 Leipzig
100%
Baden-Württemberg 48,848 Leonberg
100%
Bavaria 25,512 Lindau
100%
Schleswig-Holstein 216,530 Lübeck
100%
Baden-Württemberg 93,584 Ludwigsburg
100%
Saxony-Anhalt 237,565 Magdeburg
100%
Rhineland-Palatinate 218,578 Mainz
100%
Baden-Württemberg 310,658 Mannheim
100%
Hesse 77,129 Marburg
100%
Bavaria 44,100 Memmingen
100%
North Rhine-Westphalia 103,902 Moers
100%
North Rhine-Westphalia 261,034 Mönchengladbach
100%
North Rhine-Westphalia 170,632 Mülheim an der Ruhr
100%
Bavaria 1,484,226 Munich
100%
North Rhine-Westphalia 315,293 Münster
100%
Mecklenburg-Western Pomerania 63,761 Neubrandenburg
100%
Schleswig-Holstein 80,196 Neumünster
100%
Bavaria 518,370 Nuremberg
100%
Lower Saxony 169,077 Oldenburg
100%
Lower Saxony 165,251 Osnabrück
100%
Bavaria 52,803 Passau
100%
Lower Saxony 49,990 Peine
100%
Bavaria 26,124 Pfaffenhofen an der Ilm
100%
Baden-Württemberg 125,957 Pforzheim
100%
Hesse 25,096 Pfungstadt
100%
Brandenburg 180,334 Potsdam
100%
Baden-Württemberg 49,918 Rastatt
100%
Bavaria 153,094 Regensburg
100%
Baden-Württemberg 26,539 Remseck am Neckar
100%
Mecklenburg-Western Pomerania 209,191 Rostock
100%
Saarland 34,522 Saarlouis
100%
Lower Saxony 34,401 Seelze
100%
North Rhine-Westphalia 102,770 Siegen
100%
Baden-Württemberg 35,399 Sinsheim
100%
Lower Saxony 29,013 Springe
100%
Baden-Württemberg 635,911 Stuttgart
100%
Brandenburg 26,902 Teltow
100%
Baden-Württemberg 91,506 Tübingen
100%
Lower Saxony 33,536 Uelzen
100%
Baden-Württemberg 126,790 Ulm
100%
Bavaria 42,743 Weiden in der Oberpfalz
100%
Thuringia 65,228 Weimar
100%
Hesse 278,474 Wiesbaden
100%
Lower Saxony 124,371 Wolfsburg
100%
Rhineland-Palatinate 34,193 Zweibrücken
100%
Saxony 88,690 Zwickau
100%
Thuringia 42,250 Eisenach
88%
Baden-Württemberg 49,291 Lörrach
88%
Bavaria 127,934 Würzburg
88%
North Rhine-Westphalia 111,846 Bergisch Gladbach
86%
Baden-Württemberg 55,185 Baden-Baden
83%
North Rhine-Westphalia 498,686 Duisburg
83%
Brandenburg 43,994 Falkensee
83%
Lower Saxony 25,712 Helmstedt
83%
Saarland 41,875 Homburg
83%
Saarland 180,374 Saarbrücken
83%
Lower Saxony 41,591 Seevetal
83%
Hesse 159,878 Darmstadt
80%
North Rhine-Westphalia 588,250 Dortmund
80%
Saxony 556,780 Dresden
80%
Lower Saxony 49,913 Emden
80%
Hesse 89,802 Gießen
80%
Lower Saxony 34,786 Leer
80%
Schleswig-Holstein 28,896 Rendsburg
80%
Baden-Württemberg 40,538 Schwäbisch Hall
80%
Thuringia 36,789 Suhl
80%
Bavaria 77,373 Bamberg
75%
Saxony 38,425 Bautzen
75%
Hesse 40,756 Bensheim
75%
Rhineland-Palatinate 25,899 Bingen am Rhein
75%
North Rhine-Westphalia 582,760 Essen
75%
Baden-Württemberg 126,592 Heilbronn
75%
North Rhine-Westphalia 51,822 Ibbenbüren
75%
Bavaria 44,398 Kaufbeuren
75%
Bavaria 69,151 Kempten (Allgäu)
75%
Baden-Württemberg 40,783 Kirchheim unter Teck
75%
Rhineland-Palatinate 46,881 Landau in der Pfalz
75%
Rhineland-Palatinate 172,253 Ludwigshafen am Rhein
75%
Saxony-Anhalt 32,155 Naumburg
75%
Bavaria 40,277 Neumarkt in der Oberpfalz
75%
Saarland 46,179 Neunkirchen
75%
North Rhine-Westphalia 151,633 Paderborn
75%
Baden-Württemberg 50,897 Ravensburg
75%
Baden-Württemberg 115,865 Reutlingen
75%
Bavaria 25,238 Roth
75%
Bavaria 53,426 Schweinfurt
75%
Mecklenburg-Western Pomerania 59,418 Stralsund
75%
Baden-Württemberg 26,799 Wiesloch
75%
Lower Saxony 76,089 Wilhelmshaven
75%
Mecklenburg-Western Pomerania 42,963 Wismar
75%
Schleswig-Holstein 79,357 Norderstedt
73%
Lower Saxony 29,098 Northeim
71%
Saxony 64,597 Plauen
71%
Baden-Württemberg 85,707 Villingen-Schwenningen
71%
Baden-Württemberg 68,393 Aalen
67%
North Rhine-Westphalia 25,812 Bad Honnef
67%
North Rhine-Westphalia 71,113 Bocholt
67%
Baden-Württemberg 44,776 Bruchsal
67%
Hesse 25,559 Groß-Gerau
67%
North Rhine-Westphalia 179,916 Hamm
67%
North Rhine-Westphalia 66,638 Herford
67%
Thuringia 111,343 Jena
67%
Brandenburg 37,639 Königs Wusterhausen
67%
North Rhine-Westphalia 227,417 Krefeld
67%
Lower Saxony 44,030 Lehrte
67%
North Rhine-Westphalia 25,308 Lennestadt
67%
Lower Saxony 75,711 Lüneburg
67%
Hesse 39,553 Maintal
67%
North Rhine-Westphalia 56,415 Meerbusch
67%
Saxony 28,282 Meißen
67%
North Rhine-Westphalia 38,757 Mettmann
67%
Baden-Württemberg 26,528 Neckarsulm
67%
Rhineland-Palatinate 53,264 Neustadt an der Weinstraße
67%
Baden-Württemberg 59,967 Offenburg
67%
North Rhine-Westphalia 111,397 Recklinghausen
67%
Bavaria 63,551 Rosenheim
67%
Bavaria 40,981 Schwabach
67%
Lower Saxony 47,703 Stade
67%
Saarland 35,427 St. Ingbert
67%
Bavaria 47,791 Straubing
67%
Saarland 25,809 St. Wendel
67%
North Rhine-Westphalia 77,102 Viersen
67%
Saarland 39,517 Völklingen
67%
Saxony-Anhalt 40,192 Weißenfels
67%
Brandenburg 26,412 Werder
67%
North Rhine-Westphalia 50,391 Willich
67%
Rhineland-Palatinate 28,468 Bad Neuenahr-Ahrweiler
60%
Lower Saxony 39,729 Buchholz in der Nordheide
60%
Saxony-Anhalt 80,103 Dessau-Roßlau
60%
Lower Saxony 118,911 Göttingen
60%
Lower Saxony 54,708 Lingen
60%
Brandenburg 44,862 Oranienburg
60%
Hesse 65,881 Rüsselsheim am Main
60%
Mecklenburg-Western Pomerania 95,653 Schwerin
60%
Baden-Württemberg 47,643 Singen
60%
Hesse 30,050 Taunusstein
60%
Saxony-Anhalt 45,752 Wittenberg
60%
Baden-Württemberg 36,664 Kehl
57%
North Rhine-Westphalia 111,338 Remscheid
57%
North Rhine-Westphalia 96,459 Witten
56%
North Rhine-Westphalia 73,456 Arnsberg
50%
Hesse 54,227 Bad Homburg vor der Höhe
50%
Lower Saxony 28,896 Bad Zwischenahn
50%
Baden-Württemberg 34,332 Balingen
50%
North Rhine-Westphalia 36,815 Beckum
50%
North Rhine-Westphalia 61,601 Bergheim
50%
Baden-Württemberg 33,265 Biberach an der Riß
50%
Baden-Württemberg 43,227 Bietigheim-Bissingen
50%
North Rhine-Westphalia 329,673 Bonn
50%
North Rhine-Westphalia 48,321 Bornheim
50%
Lower Saxony 30,727 Burgdorf
50%
Lower Saxony 35,451 Cloppenburg
50%
North Rhine-Westphalia 36,257 Coesfeld
50%
Baden-Württemberg 34,536 Crailsheim
50%
North Rhine-Westphalia 74,254 Detmold
50%
Hesse 42,102 Dreieich
50%
Lower Saxony 30,689 Einbeck
50%
North Rhine-Westphalia 36,029 Emsdetten
50%
Bavaria 36,437 Erding
50%
North Rhine-Westphalia 50,010 Erftstadt
50%
North Rhine-Westphalia 56,482 Eschweiler
50%
North Rhine-Westphalia 58,381 Euskirchen
50%
Rhineland-Palatinate 48,762 Frankenthal
50%
Saxony 40,657 Freiberg
50%
Bavaria 37,004 Fürstenfeldbruck
50%
Brandenburg 31,965 Fürstenwalde
50%
Lower Saxony 31,360 Ganderkesee
50%
Lower Saxony 61,032 Garbsen
50%
North Rhine-Westphalia 259,645 Gelsenkirchen
50%
Lower Saxony 42,837 Gifhorn
50%
Lower Saxony 50,554 Goslar
50%
Saxony 28,173 Grimma
50%
Saxony-Anhalt 40,329 Halberstadt
50%
North Rhine-Westphalia 34,062 Hemer
50%
Hesse 26,097 Heppenheim
50%
Baden-Württemberg 25,082 Horb am Neckar
50%
North Rhine-Westphalia 28,808 Höxter
50%
North Rhine-Westphalia 40,245 Hückelhoven
50%
Hesse 29,075 Kelkheim
50%
Baden-Württemberg 84,911 Konstanz
50%
North Rhine-Westphalia 39,915 Löhne
50%
North Rhine-Westphalia 27,714 Mechernich
50%
Saarland 29,795 Merzig
50%
North Rhine-Westphalia 81,716 Minden
50%
North Rhine-Westphalia 40,948 Monheim am Rhein
50%
Hesse 34,891 Mörfelden-Walldorf
50%
Thuringia 36,090 Mühlhausen
50%
Bavaria 29,793 Neuburg an der Donau
50%
North Rhine-Westphalia 153,896 Neuss
50%
Thuringia 41,726 Nordhausen
50%
Lower Saxony 53,711 Nordhorn
50%
North Rhine-Westphalia 210,764 Oberhausen
50%
Hesse 130,280 Offenbach am Main
50%
Rhineland-Palatinate 40,231 Pirmasens
50%
Hesse 45,719 Rodgau
50%
Baden-Württemberg 43,843 Rottenburg am Neckar
50%
Baden-Württemberg 25,182 Rottweil
50%
Lower Saxony 104,291 Salzgitter
50%
Bavaria 29,130 Schwandorf
50%
Baden-Württemberg 64,905 Sindelfingen
50%
North Rhine-Westphalia 74,953 Troisdorf
50%
North Rhine-Westphalia 58,936 Unna
50%
Bavaria 25,285 Unterhaching
50%
Lower Saxony 32,863 Vechta
50%
Schleswig-Holstein 33,708 Wedel
50%
Baden-Württemberg 30,150 Weil am Rhein
50%
Saxony-Anhalt 32,534 Wernigerode
50%
North Rhine-Westphalia 60,230 Wesel
50%
North Rhine-Westphalia 27,392 Wetter
50%
Lower Saxony 30,816 Weyhe
50%
Baden-Württemberg 28,240 Winnenden
50%
Rhineland-Palatinate 83,542 Worms
50%
Saxony-Anhalt 27,601 Zeitz
50%
Baden-Württemberg 37,348 Backnang
43%
Lower Saxony 40,193 Buxtehude
43%
Rhineland-Palatinate 29,922 Andernach
40%
North Rhine-Westphalia 43,206 Erkelenz
40%
Bavaria 32,260 Forchheim
40%
Hesse 39,647 Hofheim am Taunus
40%
Lower Saxony 54,652 Langenhagen
40%
Baden-Württemberg 27,044 Leimen
40%
Baden-Württemberg 40,165 Leinfelden-Echterdingen
40%
North Rhine-Westphalia 163,729 Leverkusen
40%
Hesse 35,514 Limburg an der Lahn
40%
North Rhine-Westphalia 25,541 Lübbecke
40%
Brandenburg 26,800 Ludwigsfelde
40%
Lower Saxony 35,313 Meppen
40%
Brandenburg 30,785 Neuruppin
40%
Thuringia 29,278 Saalfeld
40%
Brandenburg 29,680 Schwedt
40%
Lower Saxony 33,611 Stuhr
40%
Baden-Württemberg 36,102 Tuttlingen
40%
Lower Saxony 30,081 Walsrode
40%
Hesse 52,955 Wetzlar
40%
Thuringia 38,891 Ilmenau
38%
North Rhine-Westphalia 47,514 Soest
38%
Baden-Württemberg 26,917 Wangen im Allgäu
38%
Rhineland-Palatinate 51,170 Bad Kreuznach
33%
North Rhine-Westphalia 54,254 Bad Salzuflen
33%
Lower Saxony 34,187 Barsinghausen
33%
Saxony-Anhalt 38,159 Bitterfeld-Wolfen
33%
North Rhine-Westphalia 117,565 Bottrop
33%
Baden-Württemberg 29,566 Bretten
33%
North Rhine-Westphalia 45,187 Bünde
33%
Hesse 26,432 Butzbach
33%
Bavaria 33,721 Deggendorf
33%
North Rhine-Westphalia 31,989 Delbrück
33%
Hesse 34,298 Dietzenbach
33%
Baden-Württemberg 26,293 Ehingen
33%
Baden-Württemberg 27,977 Emmendingen
33%
North Rhine-Westphalia 30,961 Emmerich am Rhein
33%
Baden-Württemberg 94,145 Esslingen am Neckar
33%
Baden-Württemberg 29,884 Gaggenau
33%
Bavaria 27,215 Garmisch-Partenkirchen
33%
Schleswig-Holstein 30,688 Geesthacht
33%
North Rhine-Westphalia 48,321 Gronau
33%
Lower Saxony 57,434 Hameln
33%
North Rhine-Westphalia 92,174 Iserlohn
33%
North Rhine-Westphalia 66,702 Kerpen
33%
North Rhine-Westphalia 31,122 Kreuztal
33%
Hesse 32,598 Lampertheim
33%
North Rhine-Westphalia 67,952 Lippstadt
33%
Lower Saxony 26,935 Lohne
33%
North Rhine-Westphalia 86,348 Lünen
33%
Lower Saxony 46,588 Melle
33%
North Rhine-Westphalia 42,496 Nettetal
33%
Lower Saxony 44,386 Neustadt am Rübenberge
33%
Rhineland-Palatinate 64,765 Neuwied
33%
North Rhine-Westphalia 31,421 Oer-Erkenschwick
33%
Bavaria 27,985 Olching
33%
Baden-Württemberg 39,312 Ostfildern
33%
North Rhine-Westphalia 25,119 Petershagen
33%
Baden-Württemberg 61,137 Schwäbisch Gmünd
33%
North Rhine-Westphalia 56,466 Stolberg
33%
Bavaria 28,950 Unterschleißheim
33%
North Rhine-Westphalia 81,842 Velbert
33%
Lower Saxony 27,706 Verden
33%
North Rhine-Westphalia 28,169 Wegberg
33%
Lower Saxony 35,227 Winsen
33%
Schleswig-Holstein 28,104 Henstedt-Ulzburg
30%
Hesse 32,447 Bad Nauheim
29%
Brandenburg 26,283 Hohen Neuendorf
29%
Saxony-Anhalt 33,873 Merseburg
29%
Lower Saxony 30,256 Osterholz-Scharmbeck
29%
Baden-Württemberg 45,465 Albstadt
25%
Thuringia 27,314 Arnstadt
25%
Baden-Württemberg 28,864 Bühl
25%
North Rhine-Westphalia 34,596 Datteln
25%
North Rhine-Westphalia 64,340 Dormagen
25%
Bavaria 29,979 Friedberg
25%
North Rhine-Westphalia 30,701 Gevelsberg
25%
Hesse 27,473 Griesheim
25%
Mecklenburg-Western Pomerania 29,083 Güstrow
25%
Baden-Württemberg 31,738 Herrenberg
25%
North Rhine-Westphalia 55,625 Hilden
25%
Rhineland-Palatinate 28,520 Idar-Oberstein
25%
North Rhine-Westphalia 59,178 Langenfeld
25%
Lower Saxony 31,448 Nienburg
25%
Baden-Württemberg 41,223 Nürtingen
25%
Hesse 46,545 Oberursel
25%
North Rhine-Westphalia 87,520 Ratingen
25%
North Rhine-Westphalia 76,218 Rheine
25%
North Rhine-Westphalia 29,545 Rietberg
25%
North Rhine-Westphalia 28,631 Rösrath
25%
North Rhine-Westphalia 34,325 Steinfurt
25%
Baden-Württemberg 55,604 Waiblingen
25%
North Rhine-Westphalia 37,157 Warendorf
25%
Baden-Württemberg 27,082 Weinstadt
25%
Lower Saxony 41,477 Wunstorf
25%
North Rhine-Westphalia 355,100 Wuppertal
25%
Bavaria 25,588 Zirndorf
25%
North Rhine-Westphalia 25,451 Brilon
22%
Saxony-Anhalt 27,012 Aschersleben
20%
Hesse 29,944 Bad Hersfeld
20%
Saxony-Anhalt 32,573 Bernburg
20%
North Rhine-Westphalia 46,657 Dülmen
20%
Baden-Württemberg 45,669 Fellbach
20%
Saxony 39,703 Freital
20%
Lower Saxony 31,756 Georgsmarienhütte
20%
North Rhine-Westphalia 54,438 Hattingen
20%
Saxony-Anhalt 25,641 Köthen
20%
North Rhine-Westphalia 30,453 Lohmar
20%
North Rhine-Westphalia 52,608 Menden
20%
Lower Saxony 26,139 Nordenham
20%
Schleswig-Holstein 27,950 Reinbek
20%
Saxony-Anhalt 25,963 Sangerhausen
20%
North Rhine-Westphalia 29,328 Waltrop
20%
Hesse 25,234 Friedrichsdorf
17%
North Rhine-Westphalia 36,017 Voerde
17%
Hesse 26,052 Weiterstadt
17%
Baden-Württemberg 25,155 Weingarten
14%
Hesse 27,674 Hattersheim am Main
13%
Baden-Württemberg 25,642 Achern
0%
North Rhine-Westphalia 39,381 Ahaus
0%
North Rhine-Westphalia 52,503 Ahlen
0%
North Rhine-Westphalia 47,149 Alsdorf
0%
Bavaria 42,207 Amberg
0%
North Rhine-Westphalia 48,604 Bad Oeynhausen
0%
Hesse 34,216 Bad Vilbel
0%
North Rhine-Westphalia 27,093 Baesweiler
0%
North Rhine-Westphalia 48,740 Bergkamen
0%
Brandenburg 40,031 Bernau bei Berlin
0%
Brandenburg 27,939 Blankenfelde-Mahlow
0%
North Rhine-Westphalia 365,587 Bochum
0%
North Rhine-Westphalia 42,629 Borken
0%
Lower Saxony 31,141 Bramsche
0%
North Rhine-Westphalia 44,126 Brühl
0%
North Rhine-Westphalia 73,343 Castrop-Rauxel
0%
North Rhine-Westphalia 67,373 Dinslaken
0%
North Rhine-Westphalia 74,704 Dorsten
0%
North Rhine-Westphalia 91,216 Düren
0%
Schleswig-Holstein 49,983 Elmshorn
0%
North Rhine-Westphalia 30,142 Ennepetal
0%
North Rhine-Westphalia 43,992 Erkrath
0%
Baden-Württemberg 39,373 Ettlingen
0%
North Rhine-Westphalia 52,439 Frechen
0%
Hesse 29,401 Friedberg
0%
North Rhine-Westphalia 27,470 Geilenkirchen
0%
Baden-Württemberg 28,328 Geislingen an der Steige
0%
North Rhine-Westphalia 33,730 Geldern
0%
Bavaria 25,438 Geretsried
0%
North Rhine-Westphalia 75,610 Gladbeck
0%
North Rhine-Westphalia 34,205 Goch
0%
North Rhine-Westphalia 37,753 Greven
0%
North Rhine-Westphalia 63,743 Grevenbroich
0%
North Rhine-Westphalia 50,952 Gummersbach
0%
North Rhine-Westphalia 100,861 Gütersloh
0%
North Rhine-Westphalia 188,686 Hagen
0%
North Rhine-Westphalia 37,850 Haltern am See
0%
North Rhine-Westphalia 26,858 Hamminkeln
0%
North Rhine-Westphalia 25,163 Harsewinkel
0%
North Rhine-Westphalia 26,345 Heiligenhaus
0%
North Rhine-Westphalia 42,236 Heinsberg
0%
North Rhine-Westphalia 47,290 Hennef
0%
North Rhine-Westphalia 156,449 Herne
0%
North Rhine-Westphalia 61,821 Herten
0%
North Rhine-Westphalia 46,375 Herzogenrath
0%
Bavaria 45,825 Hof
0%
North Rhine-Westphalia 59,731 Hürth
0%
North Rhine-Westphalia 32,653 Jülich
0%
North Rhine-Westphalia 43,493 Kaarst
0%
North Rhine-Westphalia 43,023 Kamen
0%
North Rhine-Westphalia 34,514 Kempen
0%
North Rhine-Westphalia 28,087 Kevelaer
0%
North Rhine-Westphalia 52,388 Kleve
0%
Bavaria 28,059 Königsbrunn
0%
North Rhine-Westphalia 41,277 Königswinter
0%
North Rhine-Westphalia 33,251 Korschenbroich
0%
Lower Saxony 41,606 Laatzen
0%
North Rhine-Westphalia 34,858 Lage
0%
Baden-Württemberg 47,201 Lahr
0%
Bavaria 29,228 Landsberg am Lech
0%
Hesse 38,229 Langen
0%
Bavaria 26,483 Lauf an der Pegnitz
0%
North Rhine-Westphalia 28,000 Leichlingen
0%
North Rhine-Westphalia 40,619 Lemgo
0%
North Rhine-Westphalia 72,313 Lüdenscheid
0%
North Rhine-Westphalia 84,067 Marl
0%
North Rhine-Westphalia 29,786 Meschede
0%
Baden-Württemberg 26,130 Mühlacker
0%
Hesse 28,652 Mühlheim am Main
0%
Hesse 38,105 Neu-Isenburg
0%
North Rhine-Westphalia 27,187 Neukirchen-Vluyn
0%
Bavaria 58,978 Neu-Ulm
0%
North Rhine-Westphalia 38,667 Niederkassel
0%
North Rhine-Westphalia 29,238 Oelde
0%
North Rhine-Westphalia 27,100 Overath
0%
Lower Saxony 37,766 Papenburg
0%
Schleswig-Holstein 43,667 Pinneberg
0%
Saxony 38,422 Pirna
0%
North Rhine-Westphalia 25,237 Plettenberg
0%
North Rhine-Westphalia 35,631 Porta Westfalica
0%
North Rhine-Westphalia 54,194 Pulheim
0%
Saxony 33,894 Radebeul
0%
Baden-Württemberg 31,496 Radolfzell am Bodensee
0%
North Rhine-Westphalia 48,644 Rheda-Wiedenbrück
0%
North Rhine-Westphalia 26,986 Rheinbach
0%
North Rhine-Westphalia 30,854 Rheinberg
0%
Baden-Württemberg 33,083 Rheinfelden
0%
Saxony 29,754 Riesa
0%
Lower Saxony 25,424 Rinteln
0%
Hesse 28,249 Rödermark
0%
North Rhine-Westphalia 55,847 Sankt Augustin
0%
Schleswig-Holstein 25,416 Schleswig
0%
North Rhine-Westphalia 26,872 Schloß Holte-Stukenbrock
0%
Saxony-Anhalt 30,532 Schönebeck
0%
Baden-Württemberg 39,775 Schorndorf
0%
North Rhine-Westphalia 28,537 Schwelm
0%
North Rhine-Westphalia 46,195 Schwerte
0%
North Rhine-Westphalia 25,925 Selm
0%
North Rhine-Westphalia 41,554 Siegburg
0%
North Rhine-Westphalia 159,245 Solingen
0%
Rhineland-Palatinate 50,561 Speyer
0%
Saxony-Anhalt 39,103 Stendal
0%
Brandenburg 26,853 Strausberg
0%
North Rhine-Westphalia 27,725 Sundern
0%
North Rhine-Westphalia 29,336 Tönisvorst
0%
Rhineland-Palatinate 111,528 Trier
0%
Baden-Württemberg 29,547 Vaihingen an der Enz
0%
North Rhine-Westphalia 25,318 Verl
0%
Hesse 34,315 Viernheim
0%
Lower Saxony 29,582 Wedemark
0%
Baden-Württemberg 45,425 Weinheim
0%
North Rhine-Westphalia 30,767 Werl
0%
North Rhine-Westphalia 34,719 Wermelskirchen
0%
North Rhine-Westphalia 29,717 Werne
0%
North Rhine-Westphalia 36,347 Wesseling
0%
North Rhine-Westphalia 25,161 Wiehl
0%
Lower Saxony 52,165 Wolfenbüttel
0%
North Rhine-Westphalia 38,756 Würselen
0%
Saxony 25,086 Zittau
0%
No matching quizzes found
Score Distribution
Percent of People with Each Score
Percentile by Number Answered
Your Score History
You have not taken this quiz